000 00515nam a2200193Ia 4500
008 101110s9999 xx 000 0 und d
041 _aENGLISH
082 _bSR6664
_a651.3
100 _aGovekar Acharya
245 _aPrinciples of Business Organisation 4th Ed.
365 _b10
520 _aCommerce
546 _aENGLISH
630 _aPrinciples of Business Organisation 4th Ed.
650 _aCommerce
655 _aCommerce
730 _aPrinciples of Business Organisation 4th Ed.
942 _cBOOK
999 _c802487
_d802484